امر کتھا / (Record no. 106666)
[ view plain ]
| 000 -LEADER | |
|---|---|
| fixed length control field | 00992nam a22002657a 4500 |
| 005 - DATE AND TIME OF LATEST TRANSACTION | |
| control field | 20170123162315.0 |
| 010 ## - LIBRARY OF CONGRESS CONTROL NUMBER | |
| LC control number | B-050578 |
| 020 ## - INTERNATIONAL STANDARD BOOK NUMBER | |
| Terms of availability | 40.00 |
| International Standard Book Number | 8126010185 |
| 035 ## - SYSTEM CONTROL NUMBER | |
| System control number | B-050578 |
| 037 ## - SOURCE OF ACQUISITION | |
| Source of stock number/acquisition | Cen Lib/Ret |
| 040 ## - CATALOGING SOURCE | |
| Original cataloging agency | DPL |
| Language of cataloging | UR |
| 082 ## - DEWEY DECIMAL CLASSIFICATION NUMBER | |
| Classification number | ک |
| Item number | س ن د |
| 100 ## - MAIN ENTRY--PERSONAL NAME | |
| Personal name | سندھو، گلزار سنگھ |
| 9 (RLIN) | 111303 |
| 245 ## - TITLE STATEMENT | |
| Title | امر کتھا / |
| Remainder of title | گلزار سنگھ سندھو ; مرتبہ نرنجن سنگھ تسنیم |
| 246 ## - VARYING FORM OF TITLE | |
| Title proper/short title | Amar katha / |
| Remainder of title | by Gulzar Singh Sandhu; translated by Niranjan Singh Tasneem |
| 260 ## - PUBLICATION, DISTRIBUTION, ETC. (IMPRINT) | |
| Place of publication, distribution, etc | نیو دہلی |
| Name of publisher, distributor, etc | ساہتیہ اکادمی |
| Date of publication, distribution, etc | 2001 |
| 270 ## - ADDRESS | |
| City | نیو دہلی |
| Address | رویندرا بھون، فیروز شاہ مارگ |
| Postal code | 110001 |
| 300 ## - PHYSICAL DESCRIPTION | |
| Extent | 135p. |
| Dimensions | 19cm(Hb) |
| 650 ## - SUBJECT ADDED ENTRY--TOPICAL TERM | |
| Topical term or geographic name as entry element | ادب - پنجابی |
| 9 (RLIN) | 114103 |
| 650 ## - SUBJECT ADDED ENTRY--TOPICAL TERM | |
| Topical term or geographic name as entry element | پنجابی کہانیاں |
| 9 (RLIN) | 111697 |
| 650 ## - SUBJECT ADDED ENTRY--TOPICAL TERM | |
| Topical term or geographic name as entry element | Literature -- Punjabi |
| 9 (RLIN) | 114104 |
| 650 ## - SUBJECT ADDED ENTRY--TOPICAL TERM | |
| Topical term or geographic name as entry element | Punjabi stories |
| 9 (RLIN) | 6279 |
| 700 ## - ADDED ENTRY--PERSONAL NAME | |
| Personal name | نرنجن سنگھ تسنیم |
| 9 (RLIN) | 108471 |
| 942 ## - ADDED ENTRY ELEMENTS (KOHA) | |
| Source of classification or shelving scheme | Dewey Decimal Classification |
| Koha item type | Urdu Bks |
| Classification part | ک |
| Call number suffix | س ن د |
| Withdrawn status | Lost status | Damaged status | Not for loan | Home library | Current library | Date acquired | Source of acquisition | Cost, normal purchase price | Total Checkouts | Full call number | Barcode | Date last seen | Copy number | Cost, replacement price | Price effective from | Koha item type |
|---|---|---|---|---|---|---|---|---|---|---|---|---|---|---|---|---|
| Central Library | Central Library | 28/12/2015 | Cen Lib/Ret | 40.00 | ک س ن د | B-050578 | 28/12/2015 | 1 | 40.00 | 28/12/2015 | Urdu Bks |
